Statistiques concernant Paroles : Tourner dans le vide - Indila

Cliquez ici pour prendre le quiz!

Statistiques générales

  • Ce quiz a été pris 828 fois
  • Le résultat moyen est 238 sur 286

Statistiques - réponses

HintRéponse% Correct
Le
99%
le
99%
Dans
96%
dans
96%
Il
96%
il
96%
tourner...
95%
Tourner,
95%
tourner
95%
Tourner
95%
vide
95%
vide...
95%
x2 | x3vide, vide
95%
vide, vide, vide
95%
et
94%
Et
94%
me
93%
fait
91%
la
91%
91%
tout
91%
les
90%
Les
90%
ne
90%
était
89%
pas
89%
qui
88%
Qui
88%
Vous
88%
vous
88%
je
87%
Mais
87%
mais
87%
brun,
85%
est
85%
mains
85%
regard
85%
teint
85%
fils
84%
plus
84%
pourquoi
84%
Que
84%
que
84%
toutes
84%
d'ouvrier
83%
en
83%
mon
83%
abîmées
82%
bien
82%
ça
82%
là-bas
82%
Lui
82%
lui
82%
Lui,
82%
monde
82%
non,
82%
Non,
82%
riez
81%
riez ?
81%
timide,
81%
connaissez
80%
fier
80%
pierre,
80%
basané
79%
n'est
79%
ce
78%
Ce
78%
jugez
78%
êtes
77%
taillait
77%
pu
76%
vos
76%
dire
75%
quand
75%
valeurs
74%
heureux
72%
vertiges
72%
faussement
71%
puis
71%
s'effondre
71%
du
70%
son
70%
arrivé ?
69%
labeur
69%
désarroi
68%
peut
68%
vient
66%
douleur
64%
n'ose
64%
qu'il
64%
Seule
64%
troquez
64%
J'aimerais
63%
nom
63%
parti,
63%
une
63%
crie
62%
passé
62%
relever
62%
Depuis
61%
n'ai
61%
tellement
61%
fais
60%
larme
60%
qu'un
59%
s'en
59%
souvenir,
58%
Tu
57%
tu
57%
veut
57%
coeur
56%
aller
54%
beau
53%
c'était
53%
mes
53%
Oh
53%
l'au-delà
52%
ils
51%
Ils
51%
revoir
49%
superficiels
49%
yeux,
49%
soldat
48%
amour,
46%
ignorent
45%
J'espère
45%
sont
45%
bel
44%
puisqu'il
43%
Coincée
42%
Aidez-moi
30%
Sais-tu
28%
Tourner, tourner
15%

Distribution des résultats

Percentile par nombre de réponses

% des personnes avec chaque résultat

Votre développement - résultats

Vous n’avez pas pris ce quiz